000 004280000a22001690004500
003 MACL
005 20151006131507.0
008 151006b xxu||||| |||| 00| 0 eng d
040 _aMACL
_cMACL
041 _aEnglish
082 _a910/SIN
100 _aSingh Mahendra
_9548
245 _aNatural Calamities In India
260 _bSatyam Publishing House
_c2008
_aDelhi
650 _aGeography
_913832
942 _cBK
_k910/SIN
_2ddc
999 _c41330
_d41330